000 00576nam a22001817a 4500
005 20251108171907.0
008 250721s2001 xx 000 0 ara d
082 1 4 _a616.08/شرب
100 1 _aالشربيني، لطفي
245 1 0 _aالإكتئاب :
_bو أخطر أمراض العصر /
264 1 _aالقاهرة :
_bدار الشعب للصحافة و الطباعة و النشر،
_c2001.
300 _a108 ص
650 1 7 _aالطب النفسي
650 1 7 _aالعلاج الطبيعي
650 1 7 _aالأمراض
942 _2ddc
_cBK
999 _c65371
_d65371